000
00288nam a2200109Ia 4500
008
220204s9999 xx 000 0 und d
082
_a
62(031)
_b
PAR
100
_a
Parker, Sybil P
245
0
_a
McGraw hill encyclopedia of engineering
260
_a
New York
_b
McGraw Hill
_c
1978
942
_c
BK
999
_c
38362
_d
38362